Retrouvez les éléments de Géographie effacés d'un texte - Statistiques

Statistiques générales
  • Ce quiz a été pris 37 fois
  • Le résultat moyen est 8 sur 10
Statistiques - réponses
Réponse % Correct
3 = {France}
94%
4 = {Espagne}
92%
7 = {Barcelone}
89%
5 = {Bordeaux}
86%
6 = {Gironde}
86%
2 = {Londres}
83%
8 = {Sicile}
81%
10 = {Pompéi}
69%
1 = {Manchester}
69%
9 = {Calabre}
44%
Aucun quiz correspondant
Distribution des résultats
% des personnes avec chaque résultat
Percentile par nombre de réponses
Votre historique - résultats
Vous n’avez pas pris ce quiz